书目信息 |
| 题名: |
管理心理学纲要
|
|
| 作者: | 庞长富 , 刘春建 编著 | |
| 分册: | ||
| 出版信息: | 北京 解放军出版社 1986 |
|
| 页数: | 366页 | |
| 开本: | 19cm | |
| 丛书名: | ||
| 单 册: | ||
| 中图分类: | B849:C93 | |
| 科图分类: | ||
| 主题词: | 管理心理学--干部教育--教材 , 应用心理学 | |
| 电子资源: | ||
| ISBN: | ||
| 000 | 00715nam0 2200253 45 | |
| 001 | 0186009043 | |
| 005 | 20060524100707.73 | |
| 010 | @dCNY1.85 | |
| 091 | @b2185.11 | |
| 100 | @a19960215d1986 em y0chiy0121 ea | |
| 101 | 0 | @achi |
| 102 | @aCN@b110000 | |
| 105 | @ay z 000yy | |
| 200 | 10 | @a管理心理学纲要@Aguan li xin li xue gang yao@f庞长富,刘春建编著@Fpang chang fu,liu chun jian bian zhu |
| 210 | @a北京@c解放军出版社@d1986 | |
| 215 | @a366页@d19cm | |
| 300 | @a干部教材 | |
| 606 | @a管理心理学@x干部教育@x教材 | |
| 606 | 0 | @a应用心理学 |
| 690 | @aB849:C93 | |
| 701 | 0 | @a庞长富@Apang chang fu@4编著 |
| 701 | 0 | @a刘春建@Aliu chun jian@4编著 |
| 801 | 0 | @aCN@bNLC@c20060524 |
| 905 | @dB849:C93@e168 | |
| 管理心理学纲要/庞长富,刘春建编著.-北京:解放军出版社,1986 |
| 366页;19cm |
| 干部教材 |
| ISBN :CNY1.85 |
| ● |
| 相关链接 |
|
|
|
|
正题名:管理心理学纲要
索取号:B849:C93/168
 
预约/预借
| 序号 | 登录号 | 条形码 | 馆藏地/架位号 | 状态 | 备注 |
| 1 | 0200695 | 001854185 | 密集书库/ [索取号:B849:C93/168] | 在馆 | |
| 2 | 0200696 | 202390965 | 密集书库/ [索取号:B849:C93/168] | 在馆 | |
| 3 | 0200697 | 000524301 | 第一样本阅览室/ [索取号:B849:C93/168] | 在馆 | |
| 4 | 0200698 | 202174994 | 密集书库/ [索取号:B849:C93/168] | 在馆 | |
| 5 | 0200699 | 001764120 | 密集书库/ [索取号:B849:C93/168] | 在馆 |